000 01289nam a22002177a 4500
005 20251208153356.0
010 _aHIN-130584 B-773272-288 25BACHN25
020 _a9788188457328
_c595.00
035 _aB-773272-288
035 _aHN-102930
037 _bकल्याणी शिक्षा परिषद
037 _bDBAD
082 _a425
100 _aरमेश चन्द्र
_985916
245 _aदेवनागरी लिपि और राजभाषा हिंदी/
_cरमेश चन्द्र
260 _aनई दिल्ली
_bकल्याणी शिक्षा परिषद्
_c2023
270 _a3320-21, जटवाडा,दरियागंज
_bनई दिल्ली
_e110002
300 _a207पृ;
_c23सेमी(सजिल्द)
942 _cHN
_2ddc
_h425
_mरमेश
999 _c209918
_d209918